<?xml version="1.0" encoding="UTF-8"?>
<marc:record xmlns:marc="http://www.loc.gov/MARC21/slim">
   <marc:leader>00000nam a2200000 a 4500</marc:leader>
   <marc:datafield ind1="1" ind2=" " tag="100">
      <marc:subfield code="a">Kammerer, Doro</marc:subfield>
      <marc:subfield code="4">aut</marc:subfield>
      <marc:subfield code="e">Verfasser/-in</marc:subfield>
   </marc:datafield>
   <marc:datafield ind1=" " ind2=" " tag="653">
      <marc:subfield code="a">Eltern</marc:subfield>
   </marc:datafield>
   <marc:datafield ind1=" " ind2=" " tag="653">
      <marc:subfield code="a">Ehescheidung</marc:subfield>
   </marc:datafield>
   <marc:datafield ind1=" " ind2=" " tag="653">
      <marc:subfield code="a">f||Jugendsachbuch</marc:subfield>
   </marc:datafield>
   <marc:datafield ind1=" " ind2=" " tag="653">
      <marc:subfield code="a">Ratgeber</marc:subfield>
   </marc:datafield>
   <marc:datafield ind1="0" ind2="0" tag="245">
      <marc:subfield code="a">Meine Eltern trennen sich</marc:subfield>
   </marc:datafield>
   <marc:datafield ind1="0" ind2="0" tag="245">
      <marc:subfield code="b">Infos, Tips &amp; Tests</marc:subfield>
   </marc:datafield>
   <marc:datafield ind1="0" ind2="0" tag="245">
      <marc:subfield code="c">Doro Kammerer</marc:subfield>
   </marc:datafield>
   <marc:datafield ind1=" " ind2="1" tag="264">
      <marc:subfield code="a">München</marc:subfield>
      <marc:subfield code="b">F. Schneider</marc:subfield>
      <marc:subfield code="c">1996</marc:subfield>
   </marc:datafield>
   <marc:datafield ind1="1" ind2=" " tag="490">
      <marc:subfield code="a">Rat &amp; Tat</marc:subfield>
   </marc:datafield>
   <marc:datafield ind1="1" ind2=" " tag="520">
      <marc:subfield code="a">Eine Art Selbstmanagement-Kurs für betroffene Jugendliche ab 12. Reihenspezifisch locker (vgl. auch von der Autorin "Wie überlebt man die Schule?" (BA 1/96), mit einfühlender Teilnahme und vielen Tips sowie Aussagen von gleichaltrigen SchicksalsgenossInnen und Tests ("Kannst du trauern?" oder "Kannst du Grenzen setzen?") werden die Hintergründe einer geplanten und vollzogenen Trennung bei den Eltern sowie die Auswirkungen auf die Kinder und deren Bewältigung angesprochen: von der Trauerarbeit bis hin zu Fragen des Sorgerechts und dem Verhalten gegenüber den "Neuen" oder wenn man bei "Paps" oder "Mum" zu Besuch ist. In der Tendenz aufbauend-konstruktiv. Mit Hinweisen auf professionelle Hilfen und einem Schlussteil mit blank pages zur eigenen inneren Inventur ("Schreib' deine eigenen Gedanken auf"). - Empfohlen.</marc:subfield>
   </marc:datafield>
   <marc:datafield ind1=" " ind2=" " tag="020">
      <marc:subfield code="a">3505103101</marc:subfield>
      <marc:subfield code="9">3505103101</marc:subfield>
   </marc:datafield>
   <marc:datafield ind1="0" ind2=" " tag="490">
      <marc:subfield code="v">0</marc:subfield>
   </marc:datafield>
   <marc:datafield ind1=" " ind2=" " tag="300">
      <marc:subfield code="a">127 S.</marc:subfield>
   </marc:datafield>
</marc:record>
